000
00239nam a2200097Ia 4500
008
240331s9999 xx 000 0 und d
082
_b
PEA
100
_a
Banerjee, S. ed
245
0
_a
Peace and developmentHaksar memorial volume iv
942
_c
L
999
_c
1397
_d
1397